[Event "Titled Tuesday intern op 06th Feb Late"]
[Site "Chess.com INT"]
[Date "2024.02.06"]
[Round "1"]
[White "Bobadilla Viera, Jorge Samuel"]
[Black "Antonio, Jorge Carlos"]
[Result "1-0"]
[WhiteElo "2397"]
[BlackElo "2277"]
[PlyCount "95"]
[EventDate "2024.02.06"]
[EventType "swiss (blitz)"]
[EventRounds "11"]
[EventCountry "USA"]
[SourceTitle "CB07_2024"]
[SourceDate "2024.02.14"]
[SourceVersion "1"]
[SourceVersionDate "2024.02.14"]
[SourceQuality "1"]

1. d4 d5 2. Nf3 c6 3. c4 Nf6 4. e3 g6 5. b3 Bg7 6. Be2 0-0 7. 0-0 Bg4 8. Nbd2 Nbd7 9. h3 Bf5 10. Bb2 Ne4 11. Nh4 Nxd2 12. Qxd2 Be6 13. Nf3 f5 14. Ng5 Bf7 15. Rfc1 e6 16. f4 Nf6 17. Bd3 Ne4 18. Nxe4 fxe4 19. Be2 Qe7 20. a4 a6 21. Ba3 Qd7 22. Bxf8 Rxf8 23. b4 Be8 24. b5 cxb5 25. cxb5 Qd6 26. bxa6 bxa6 27. Qa5 g5 28. Qxa6 Qe7 29. Bg4 Bf7 30. fxg5 Qxg5 31. Qe2 h5 32. Ra3 hxg4 33. Qxg4 Qxg4 34. hxg4 Ra8 35. a5 Ra6 36. Rb1 Bf8 37. Ra2 Bh6 38. Kf2 Bf8 39. Rb6 Ra7 40. a6 Be8 41. Rb7 Ra8 42. a7 Bc6 43. Rb6 Bd7 44. Rb8 Bc6 45. Rxa8 Bxa8 46. Rb2 Kf7 47. Rb8 Bc6 48. Rc8 1-0

[Event "Titled Tuesday intern op 05th Sep Early"]
[Site "Chess.com INT"]
[Date "2023.09.05"]
[Round "11"]
[White "Bobadilla Viera, Jorge Samuel"]
[Black "Hansen, Eric"]
[Result "0-1"]
[WhiteElo "2397"]
[BlackElo "2609"]
[PlyCount "52"]
[EventDate "2023.09.05"]
[EventType "swiss (blitz)"]
[EventRounds "11"]
[EventCountry "USA"]
[SourceTitle "EXT 2024"]
[Source "ChessBase"]
[SourceDate "2023.10.10"]
[SourceVersion "1"]
[SourceVersionDate "2023.10.10"]
[SourceQuality "1"]

1. d4 Nf6 2. c4 e6 3. Nf3 Bb4+ 4. Nbd2 d5 5. e3 0-0 6. a3 Be7 7. Bd3 Nbd7 8. c5 e5 9. Nxe5 Nxe5 10. dxe5 Nd7 11. Qc2 g6 12. e6 Nxc5 13. exf7+ Rxf7 14. Nf3 Nxd3+ 15. Qxd3 Bf5 16. Qd1 Bd6 17. Nd4 Bd7 18. Bd2 Qg5 19. g3 c5 20. Ne2 Bg4 21. Qb3 Bf3 22. Rg1 Qf5 23. Nf4 g5 24. Ng2 c4 25. Qc3 Be5 26. Qb4 Qd3 0-1

[Event "Titled Tuesday intern op 05th Sep Early"]
[Site "Chess.com INT"]
[Date "2023.09.05"]
[Round "5"]
[White "Novikov, Evgenij"]
[Black "Bobadilla Viera, Jorge Samuel"]
[Result "0-1"]
[WhiteElo "2276"]
[BlackElo "2397"]
[PlyCount "82"]
[EventDate "2023.09.05"]
[EventType "swiss (blitz)"]
[EventRounds "11"]
[EventCountry "USA"]
[SourceTitle "EXT 2024"]
[Source "ChessBase"]
[SourceDate "2023.10.10"]
[SourceVersion "1"]
[SourceVersionDate "2023.10.10"]
[SourceQuality "1"]

1. d4 Nf6 2. Nf3 d5 3. Bf4 Bf5 4. e3 e6 5. Nbd2 Nbd7 6. c4 c6 7. Qb3 Qb6 8. c5 Qxb3 9. axb3 a6 10. b4 Rc8 11. Nh4 Nh5 12. Nxf5 exf5 13. Bg3 g6 14. Bd3 Nxg3 15. hxg3 Bg7 16. Nb3 0-0 17. Na5 Rc7 18. Kd2 Re8 19. Rh4 Nf6 20. Rah1 h5 21. Ra1 Ng4 22. Rf1 Bh6 23. Be2 Nxf2 24. Rxf2 Bxe3+ 25. Ke1 Bxf2+ 26. Kxf2 Re4 27. Bf3 Re8 28. Rh1 Kg7 29. Re1 Rxe1 30. Kxe1 Kh6 31. Kf2 g5 32. Nb3 g4 33. Be2 Kg5 34. Nc1 f4 35. Nd3 fxg3+ 36. Kxg3 f6 37. Kf2 Re7 38. g3 Re4 39. Nf4 h4 40. Bd3 hxg3+ 41. Kxg3 Re3+ 0-1

[Event "Titled Tuesday intern op 05th Sep Early"]
[Site "Chess.com INT"]
[Date "2023.09.05"]
[Round "8"]
[White "Ventura Bolet, Maxim"]
[Black "Bobadilla Viera, Jorge Samuel"]
[Result "0-1"]
[WhiteElo "2233"]
[BlackElo "2397"]
[PlyCount "84"]
[EventDate "2023.09.05"]
[EventType "swiss (blitz)"]
[EventRounds "11"]
[EventCountry "USA"]
[SourceTitle "EXT 2024"]
[Source "ChessBase"]
[SourceDate "2023.10.10"]
[SourceVersion "1"]
[SourceVersionDate "2023.10.10"]
[SourceQuality "1"]

1. e4 g6 2. d4 Bg7 3. Nf3 b6 4. c4 e6 5. Nc3 Ne7 6. Be2 d5 7. cxd5 exd5 8. e5 0-0 9. h4 Bg4 10. Ng5 Bxe2 11. Qxe2 c5 12. h5 Nf5 13. Nb5 Re8 14. Nxh7 Nxd4 15. Nxd4 Rxe5 16. Be3 cxd4 17. hxg6 fxg6 18. 0-0-0 dxe3 19. f4 Re4 20. Qg4 Qd7 21. Qxg6 Qc6+ 22. Qxc6 Nxc6 23. Rxd5 e2 24. Kd2 e1Q+ 25. Rxe1 Rxe1 26. Kxe1 Kxh7 27. g4 Re8+ 28. Kf2 Nd4 29. g5 Re2+ 30. Kg3 Rxb2 31. f5 Rb5 32. Rxb5 Nxb5 33. Kf4 Bb2 34. Ke4 Nc3+ 35. Ke5 Nxa2+ 36. Ke6 Nc3 37. f6 Ne4 38. f7 Nxg5+ 39. Ke7 Nxf7 40. Kxf7 a5 41. Ke6 a4 42. Kd5 a3 0-1

[Event "Titled Tuesday intern op 29th Aug Early"]
[Site "Chess.com INT"]
[Date "2023.08.29"]
[Round "11"]
[White "Bobadilla Viera, Jorge Samuel"]
[Black "Ozen, Deniz"]
[Result "0-1"]
[WhiteElo "2397"]
[BlackElo "2382"]
[PlyCount "86"]
[EventDate "2023.08.29"]
[EventType "swiss (blitz)"]
[EventRounds "11"]
[EventCountry "USA"]
[SourceTitle "EXT 2024"]
[Source "ChessBase"]
[SourceDate "2023.10.10"]
[SourceVersion "1"]
[SourceVersionDate "2023.10.10"]
[SourceQuality "1"]

1. d4 d5 2. c4 c5 3. cxd5 Qxd5 4. Nf3 cxd4 5. Qxd4 Qxd4 6. Nxd4 Bd7 7. Nc3 Nc6 8. Ndb5 Rc8 9. Bf4 e5 10. Be3 a6 11. Na7 Nxa7 12. Bxa7 Bb4 13. Rc1 Nf6 14. a3 Bxc3+ 15. Rxc3 Rxc3 16. bxc3 Ne4 17. c4 0-0 18. f3 Nf6 19. e4 Rc8 20. Be2 Be6 21. c5 Nd7 22. 0-0 Nxc5 23. Rb1 b5 24. Rd1 Na4 25. Rd6 Nc3 26. Bf1 a5 27. Bb6 a4 28. Ba5 h5 29. Ra6 Nd1 30. Bxb5 Rc1 31. h4 Nc3+ 32. Kf2 Nxb5 33. Bb4 Bb3 34. Rb6 Nd4 35. Rb8+ Kh7 36. Re8 f6 37. Re7 Rc2+ 38. Kg1 Ne2+ 39. Kf1 Bc4 40. Ke1 Nf4 41. g3 Nd3+ 42. Kd1 Bb3 43. g4 Rh2# 0-1

[Event "Titled Tuesday intern op 29th Aug Early"]
[Site "Chess.com INT"]
[Date "2023.08.29"]
[Round "4"]
[White "Puranik, Abhimanyu Sameer"]
[Black "Bobadilla Viera, Jorge Samuel"]
[Result "1-0"]
[WhiteElo "2611"]
[BlackElo "2397"]
[PlyCount "85"]
[EventDate "2023.08.29"]
[EventType "swiss (blitz)"]
[EventRounds "11"]
[EventCountry "USA"]
[SourceTitle "EXT 2024"]
[Source "ChessBase"]
[SourceDate "2023.10.10"]
[SourceVersion "1"]
[SourceVersionDate "2023.10.10"]
[SourceQuality "1"]

1. b3 e5 2. Bb2 Nc6 3. e3 d5 4. Bb5 Bd6 5. f4 Qh4+ 6. g3 Qe7 7. Nf3 f6 8. fxe5 fxe5 9. Bxc6+ bxc6 10. Nxe5 Nf6 11. Nxc6 Qe4 12. 0-0 Bh3 13. Rf2 Ng4 14. Nc3 Qh1+ 15. Kxh1 Nxf2+ 16. Kg1 Nxd1 17. Rxd1 Kd7 18. Nd4 c6 19. Nce2 Rhf8 20. Nf4 Bg4 21. Re1 g5 22. Nd3 Kc7 23. b4 Rf7 24. b5 Raf8 25. Kg2 c5 26. b6+ Kxb6 27. Ba3 cxd4 28. Bxd6 Bf3+ 29. Kg1 Rc8 30. Rb1+ Ka5 31. Bb4+ Ka4 32. Nc5+ Kb5 33. exd4 Kc6 34. Nd3 Rf5 35. Ne5+ Kc7 36. c3 h5 37. Ba5+ Kd6 38. Rb7 Be4 39. Rxa7 Ke6 40. Ra6+ Ke7 41. Bb4+ Ke8 42. Rh6 Rc7 43. Rh8+ 1-0

[Event "Titled Tuesday intern op 29th Aug Early"]
[Site "Chess.com INT"]
[Date "2023.08.29"]
[Round "8"]
[White "Shuvalov, Evgenij"]
[Black "Bobadilla Viera, Jorge Samuel"]
[Result "1/2-1/2"]
[WhiteElo "2073"]
[BlackElo "2397"]
[PlyCount "155"]
[EventDate "2023.08.29"]
[EventType "swiss (blitz)"]
[EventRounds "11"]
[EventCountry "USA"]
[SourceTitle "EXT 2024"]
[Source "ChessBase"]
[SourceDate "2023.10.10"]
[SourceVersion "1"]
[SourceVersionDate "2023.10.10"]
[SourceQuality "1"]

1. d4 Nf6 2. c4 e6 3. Nc3 d5 4. Nf3 Be7 5. Bf4 0-0 6. e3 c5 7. dxc5 Bxc5 8. a3 Nc6 9. Rc1 a6 10. cxd5 exd5 11. Be2 Ba7 12. 0-0 Be6 13. Bg5 h6 14. Bh4 Qe7 15. b4 Rfd8 16. Nd4 Nxd4 17. exd4 Rac8 18. Re1 g5 19. Bg3 Qd7 20. Be5 Qe7 21. Na4 Nd7 22. Bd3 Nxe5 23. dxe5 Rxc1 24. Qxc1 Rc8 25. Qd1 b5 26. Nc5 Bxc5 27. bxc5 Qxc5 28. a4 bxa4 29. Qxa4 a5 30. h4 Qb4 31. Qa1 Qxh4 32. Qxa5 Qf4 33. Qa1 Kg7 34. Bb5 Rc2 35. Rf1 d4 36. Bd3 Rc3 37. Qd1 Qxe5 38. Re1 Qf6 39. Qe2 Bf5 40. Bxf5 Qxf5 41. Rd1 Rc2 42. Qf1 d3 43. Rxd3 Rxf2 44. Qxf2 Qxd3 45. Qb2+ Kh7 46. Qe5 Qb1+ 47. Kh2 Qg6 48. Kg1 Qe6 49. Qd4 Kg6 50. Qd3+ Qf5 51. Qd4 Qf6 52. Qd3+ Qf5 53. Qd4 f6 54. Qd8 Qe6 55. Qd3+ Qf5 56. Qd8 Qe6 57. Qd3+ f5 58. Qd4 Qf6 59. Qd5 g4 60. g3 Qb6+ 61. Kg2 Qb2+ 62. Kg1 Qa1+ 63. Kg2 Qf6 64. Kg1 Kg5 65. Qd2+ f4 66. gxf4+ Qxf4 67. Qd8+ Qf6 68. Qd2+ Kg6 69. Qd3+ Qf5 70. Qd6+ Kg5 71. Qd2+ Kh5 72. Qh2+ Kg6 73. Qd6+ Qf6 74. Qd3+ Kg7 75. Qd7+ Kf8 76. Qxg4 Qg7 77. Qxg7+ Kxg7 78. Kh1 1/2-1/2

[Event "Rivera Hernandez Memorial"]
[Site "Rivera Huila"]
[Date "2023.07.23"]
[Round "10"]
[White "Mogollon Tobar, Nicolle Juliet"]
[Black "Bobadilla Viera, Jorge Samuel"]
[Result "1/2-1/2"]
[WhiteElo "1851"]
[BlackElo "2388"]
[PlyCount "68"]
[EventDate "2023.07.19"]
[EventType "swiss"]
[EventRounds "10"]
[EventCountry "COL"]
[SourceTitle "CBM 215 Extra"]
[Source "ChessBase"]
[SourceDate "2023.09.30"]
[SourceVersion "1"]
[SourceVersionDate "2023.09.30"]
[SourceQuality "1"]

1. e4 d6 2. d4 Nf6 3. Nc3 e5 4. Nge2 c6 5. h3 h5 6. g3 Be7 7. Bg2 b5 8. a3 Bb7 9. 0-0 Nbd7 10. Be3 a5 11. f4 b4 12. Nb1 0-0 13. Nd2 Re8 14. c4 exd4 15. Nxd4 Bf8 16. Qb1 c5 17. Nf5 Qc7 18. Bf2 g6 19. Ne3 Bg7 20. Qd3 Nb6 21. Rab1 Rad8 22. b3 Qc8 23. axb4 axb4 24. f5 Nbd7 25. fxg6 fxg6 26. Nd5 Ne5 27. Qc2 Kh7 28. Be3 Rf8 29. Bg5 Nxd5 30. exd5 Rxf1+ 31. Rxf1 Rf8 32. Bf4 Qd8 33. Ne4 Bc8 34. Ng5+ Kg8 1/2-1/2

[Event "Rivera Hernandez Memorial"]
[Site "Rivera Huila"]
[Date "2023.07.21"]
[Round "5"]
[White "Paredes Lagos, Anthony Javier"]
[Black "Bobadilla Viera, Jorge Samuel"]
[Result "1/2-1/2"]
[WhiteElo "2345"]
[BlackElo "2388"]
[PlyCount "83"]
[EventDate "2023.07.19"]
[EventType "swiss"]
[EventRounds "10"]
[EventCountry "COL"]
[SourceTitle "CBM 215 Extra"]
[Source "ChessBase"]
[SourceDate "2023.09.30"]
[SourceVersion "1"]
[SourceVersionDate "2023.09.30"]
[SourceQuality "1"]

1. e4 e5 2. Nf3 Nc6 3. Bc4 Nf6 4. Ng5 d5 5. exd5 Na5 6. Bb5+ Bd7 7. Qe2 Bd6 8. Bxd7+ Qxd7 9. Nc3 c6 10. dxc6 Nxc6 11. 0-0 Nd4 12. Qd1 Rc8 13. d3 0-0 14. Nge4 Nxe4 15. dxe4 Rfd8 16. a3 Qc6 17. Bg5 f6 18. Be3 Bf8 19. Qb1 Kh8 20. Rd1 f5 21. exf5 Qf6 22. Bxd4 exd4 23. Ne2 Bc5 24. c3 dxc3 25. Nxc3 Rxd1+ 26. Nxd1 Qe5 27. Nc3 Bd4 28. Qd3 Bxc3 29. bxc3 Qxc3 30. Qxc3 Rxc3 31. f3 Kg8 32. Rd1 Rxa3 33. Rd8+ Kf7 34. Rd7+ Kf6 35. Rxb7 h5 36. h4 Ra4 37. g3 Ra2 38. Rb5 Ra1+ 39. Kf2 Ra2+ 40. Ke3 Ra3+ 41. Kf2 Ra2+ 42. Ke3 1/2-1/2

[Event "Sabaneta op-A 2nd"]
[Site "Sabaneta Antioquia"]
[Date "2023.06.29"]
[Round "3"]
[White "Bobadilla Viera, Jorge Samuel"]
[Black "Rios Parra, Alejandro"]
[Result "1-0"]
[WhiteElo "2388"]
[BlackElo "2176"]
[PlyCount "75"]
[EventDate "2023.06.28"]
[EventType "swiss"]
[EventRounds "9"]
[EventCountry "COL"]
[SourceTitle "CBM 215 Extra"]
[Source "ChessBase"]
[SourceDate "2023.09.30"]
[SourceVersion "1"]
[SourceVersionDate "2023.09.30"]
[SourceQuality "1"]

1. d4 Nf6 2. c4 e6 3. Nf3 d5 4. g3 Bb4+ 5. Bd2 Be7 6. Bg2 0-0 7. Qc2 b6 8. cxd5 Nxd5 9. 0-0 Bb7 10. Re1 Nd7 11. e4 Nb4 12. Bxb4 Bxb4 13. Nc3 Rc8 14. Rad1 Qe7 15. a3 Bxc3 16. Qxc3 c6 17. b4 Rfd8 18. Qb2 Qf6 19. h4 Rc7 20. e5 Qe7 21. Nd2 Nf8 22. Nc4 h6 23. Nd6 Ba8 24. Rc1 Ng6 25. h5 Nf8 26. f4 f5 27. Rc2 g5 28. hxg6 h5 29. Qb3 Rxd6 30. exd6 Qxd6 31. Qe3 Rg7 32. b5 Rxg6 33. bxc6 Qc7 34. Qe5 Qc8 35. Re3 h4 36. d5 exd5 37. Bxd5+ Kh7 38. Rh2 1-0

[Event "Sabaneta op-A 2nd"]
[Site "Sabaneta Antioquia"]
[Date "2023.06.28"]
[Round "1"]
[White "Bobadilla Viera, Jorge Samuel"]
[Black "Garzon Camelo, Andres Santiago"]
[Result "1-0"]
[WhiteElo "2388"]
[BlackElo "1957"]
[PlyCount "79"]
[EventDate "2023.06.28"]
[EventType "swiss"]
[EventRounds "9"]
[EventCountry "COL"]
[SourceTitle "CBM 215 Extra"]
[Source "ChessBase"]
[SourceDate "2023.09.30"]
[SourceVersion "1"]
[SourceVersionDate "2023.09.30"]
[SourceQuality "1"]

1. d4 Nf6 2. Bf4 d5 3. e3 e6 4. Nf3 Bd6 5. Ne5 0-0 6. Nd2 c5 7. c3 Qc7 8. Bd3 Nfd7 9. Ndf3 f6 10. Nxd7 Nxd7 11. Bxd6 Qxd6 12. e4 cxd4 13. Nxd4 Nc5 14. Qe2 Qe5 15. f3 Rd8 16. Bc2 dxe4 17. 0-0 exf3 18. Qxe5 fxe5 19. Nxf3 b6 20. Nxe5 Bb7 21. Rad1 a5 22. Rfe1 Rd5 23. c4 Rdd8 24. b3 Rac8 25. g3 Ba6 26. a3 g6 27. b4 Nb7 28. Bb3 axb4 29. axb4 Kg7 30. b5 Nc5 31. bxa6 Nxb3 32. Rxd8 Rxd8 33. Rb1 Nc5 34. a7 Kf6 35. Nc6 Ra8 36. Rxb6 Nd7 37. Rb7 Ne5 38. Rb8 Nxc6 39. Rxa8 Ke7 40. Re8+ 1-0

[Event "Sabaneta op-A 1st"]
[Site "Sabaneta"]
[Date "2022.11.30"]
[Round "8"]
[White "Del Rey, Diego"]
[Black "Bobadilla Viera, Jorge Samuel"]
[Result "0-1"]
[WhiteElo "2341"]
[BlackElo "2347"]
[PlyCount "128"]
[EventDate "2022.11.25"]
[EventType "swiss"]
[EventRounds "10"]
[EventCountry "COL"]
[SourceTitle "CBM 211 Extra"]
[Source "ChessBase"]
[SourceDate "2023.01.31"]
[SourceVersion "1"]
[SourceVersionDate "2023.01.31"]
[SourceQuality "1"]

1. d4 Nf6 2. Nf3 d5 3. c4 e6 4. g3 Bb4+ 5. Bd2 Be7 6. Bg2 0-0 7. 0-0 Nbd7 8. Qb3 a5 9. Bf4 c6 10. Nbd2 Nh5 11. Ne5 Nxe5 12. Bxe5 f6 13. Bf4 Nxf4 14. gxf4 Kh8 15. Nf3 Bd6 16. e3 Qe8 17. Nd2 Qh5 18. Qd1 Qh6 19. c5 Bc7 20. Qf3 g5 21. Rfe1 gxf4 22. e4 Bd7 23. Kh1 Rg8 24. Bh3 Rae8 25. Rg1 Rg6 26. Rae1 Reg8 27. Rxg6 Qxg6 28. b3 dxe4 29. Nxe4 f5 30. Nd6 Bxd6 31. cxd6 e5 32. dxe5 Qg5 33. Qc3 Be6 34. f3 Rg7 35. Qd2 Bd5 36. Qf2 Qh6 37. Bxf5 Qh5 38. Be4 Be6 39. Qb2 Qg5 40. Qf2 Bh3 41. Rg1 Qxe5 42. Rxg7 Qxg7 43. Bb1 Qc3 44. Bc2 Qa1+ 45. Qg1 Qxg1+ 46. Kxg1 Kg7 47. Kf2 h6 48. Ke2 Kf6 49. Kd2 Ke5 50. Kc3 Kxd6 51. Kd4 b5 52. Ke4 Kc5 53. Kxf4 Kb4 54. Ke5 Ka3 55. Kd6 Kxa2 56. Kxc6 Kb2 57. Bd3 a4 58. bxa4 bxa4 59. Kd6 a3 60. Bc4 Bf1 61. Be6 Kc3 62. Kc5 Bd3 63. f4 Bc2 64. Ba2 Kb2 0-1

[Event "Sabaneta op-A 1st"]
[Site "Sabaneta"]
[Date "2022.11.28"]
[Round "5"]
[White "Bobadilla Viera, Jorge Samuel"]
[Black "Munoz Sanchez, Miguel Angel"]
[Result "1/2-1/2"]
[WhiteElo "2347"]
[BlackElo "2225"]
[PlyCount "84"]
[EventDate "2022.11.25"]
[EventType "swiss"]
[EventRounds "10"]
[EventCountry "COL"]
[SourceTitle "CBM 211 Extra"]
[Source "ChessBase"]
[SourceDate "2023.01.31"]
[SourceVersion "1"]
[SourceVersionDate "2023.01.31"]
[SourceQuality "1"]

1. d4 Nf6 2. c4 e6 3. Nf3 d5 4. g3 Be7 5. Bg2 0-0 6. 0-0 dxc4 7. Qc2 a6 8. a4 Nc6 9. Qxc4 Na5 10. Qc2 b6 11. Nc3 Bb7 12. Bg5 Nd5 13. Bxe7 Qxe7 14. Nxd5 Bxd5 15. e4 Bb7 16. Rfe1 Rfd8 17. Rad1 c5 18. d5 e5 19. Qc3 f6 20. b3 Bc8 21. Nd2 Bd7 22. f4 Qd6 23. Rf1 Re8 24. Kh1 Rac8 25. Rc1 Qc7 26. b4 Nb7 27. Nc4 Nd6 28. fxe5 fxe5 29. Nxd6 Qxd6 30. bxc5 Rxc5 31. Qb4 a5 32. Qb3 Rxc1 33. Rxc1 Rc8 34. Rb1 h6 35. h4 Rb8 36. Qc4 Kh8 37. Kh2 Rf8 38. Qb3 Rf6 39. Rb2 Kh7 40. Rc2 Rf8 41. Rb2 Rf6 42. Rc2 Rf8 1/2-1/2

[Event "Sabaneta op-A 1st"]
[Site "Sabaneta"]
[Date "2022.11.28"]
[Round "6"]
[White "Zuluaga Mancilla, Cesar"]
[Black "Bobadilla Viera, Jorge Samuel"]
[Result "0-1"]
[WhiteElo "2230"]
[BlackElo "2347"]
[PlyCount "94"]
[EventDate "2022.11.25"]
[EventType "swiss"]
[EventRounds "10"]
[EventCountry "COL"]
[SourceTitle "CBM 211 Extra"]
[Source "ChessBase"]
[SourceDate "2023.01.31"]
[SourceVersion "1"]
[SourceVersionDate "2023.01.31"]
[SourceQuality "1"]

1. d4 Nf6 2. Nf3 d5 3. e3 c5 4. a3 e6 5. c4 Nc6 6. Nc3 a6 7. dxc5 Bxc5 8. b4 Bd6 9. Bb2 0-0 10. cxd5 exd5 11. Be2 Re8 12. 0-0 Bc7 13. b5 Ne5 14. Nxe5 Bxe5 15. Na4 axb5 16. Bxe5 Rxe5 17. Nc3 Qe7 18. Qd4 Bd7 19. Rfb1 Ne4 20. Nxb5 Bc6 21. Bd3 Re6 22. Qb2 Rf6 23. Bxe4 Qxe4 24. Nc3 Qh4 25. Qd2 Rh6 26. h3 Rg6 27. Ne2 d4 28. Nf4 Qg5 29. h4 Qg4 30. f3 Bxf3 31. Nxg6 dxe3 32. Ne5 exd2 33. Nxg4 Bxg4 34. Kf2 Rd8 35. Rd1 Rd3 36. a4 f5 37. Rab1 b6 38. Ra1 f4 39. Rab1 Kf7 40. Kf1 h6 41. Kf2 g5 42. hxg5 hxg5 43. Kf1 Bxd1 44. Rxd1 Ke6 45. Ke2 Rd4 46. Rxd2 Rxd2+ 47. Kxd2 Kd5 0-1

[Event "Sabaneta op-A 1st"]
[Site "Sabaneta"]
[Date "2022.11.25"]
[Round "1"]
[White "Bobadilla Viera, Jorge Samuel"]
[Black "Giraldo Bohorquez, Lucas"]
[Result "1-0"]
[WhiteElo "2347"]
[BlackElo "1935"]
[PlyCount "67"]
[EventDate "2022.11.25"]
[EventType "swiss"]
[EventRounds "10"]
[EventCountry "COL"]
[SourceTitle "CBM 211 Extra"]
[Source "ChessBase"]
[SourceDate "2023.01.31"]
[SourceVersion "1"]
[SourceVersionDate "2023.01.31"]
[SourceQuality "1"]

1. d4 d5 2. Bf4 Nf6 3. e3 c5 4. c3 Nc6 5. Nd2 e6 6. Ngf3 Be7 7. Ne5 Nd7 8. Bd3 Ncxe5 9. dxe5 Qc7 10. Nf3 c4 11. Bc2 b5 12. 0-0 Bb7 13. Nd4 Qb6 14. a4 a6 15. Bg3 0-0 16. f4 g6 17. a5 Qd8 18. f5 exf5 19. Nxf5 Nc5 20. Qg4 Bc8 21. Nxe7+ Qxe7 22. Qd4 Ne6 23. Qd2 Bb7 24. Rf6 Nc5 25. Qd4 Rad8 26. Bh4 Qc7 27. Qf4 Rde8 28. Rd6 Re6 29. Bf6 Rxd6 30. exd6 Qd7 31. Rf1 Re8 32. Qh6 Ne6 33. Rf4 Qxd6 34. Qxh7+ 1-0

[Event "Titled Tuesday intern op 22nd Nov Late"]
[Site "Chess.com INT"]
[Date "2022.11.22"]
[Round "6"]
[White "Bobadilla Viera, Jorge Samuel"]
[Black "Petrovic, Aleksa"]
[Result "1/2-1/2"]
[WhiteElo "2347"]
[BlackElo "2252"]
[PlyCount "70"]
[EventDate "2022.11.22"]
[EventType "swiss (blitz)"]
[EventRounds "11"]
[EventCountry "USA"]
[SourceTitle "CBM 211 Extra"]
[Source "ChessBase"]
[SourceDate "2023.01.31"]
[SourceVersion "1"]
[SourceVersionDate "2023.01.31"]
[SourceQuality "1"]

1. e4 e6 2. d4 d5 3. Nd2 c5 4. Ngf3 Nc6 5. exd5 exd5 6. Bb5 Nf6 7. 0-0 Be7 8. dxc5 Bxc5 9. Nb3 Bb6 10. Re1+ Be6 11. Nbd4 0-0 12. Bg5 Nxd4 13. Nxd4 h6 14. Bh4 g5 15. Bg3 Ne4 16. c3 a6 17. Bd3 Bxd4 18. cxd4 Nxg3 19. hxg3 Qf6 20. Bc2 Rac8 21. Qd3 Rfd8 22. Rac1 Rc4 23. Rcd1 Rdc8 24. Bb3 R4c7 25. Re5 Rc1 26. Ree1 Rxd1 27. Qxd1 Kg7 28. Qd2 Bf5 29. Re5 Be6 30. Qe3 g4 31. Qd2 Rd8 32. Qc3 Rd7 33. Qd2 Rd8 34. Re1 Rc8 35. Re5 Rd8 1/2-1/2

[Event "Titled Tuesday intern op 22nd Nov Late"]
[Site "Chess.com INT"]
[Date "2022.11.22"]
[Round "2"]
[White "Galchenko, Matvey"]
[Black "Bobadilla Viera, Jorge Samuel"]
[Result "0-1"]
[WhiteElo "2449"]
[BlackElo "2347"]
[PlyCount "114"]
[EventDate "2022.11.22"]
[EventType "swiss (blitz)"]
[EventRounds "11"]
[EventCountry "USA"]
[SourceTitle "CBM 211 Extra"]
[Source "ChessBase"]
[SourceDate "2023.01.31"]
[SourceVersion "1"]
[SourceVersionDate "2023.01.31"]
[SourceQuality "1"]

1. f4 Nf6 2. Nf3 d5 3. g3 c5 4. Bg2 Nc6 5. 0-0 e6 6. d3 Be7 7. Nc3 0-0 8. e4 dxe4 9. dxe4 Qxd1 10. Rxd1 Rd8 11. e5 Nd5 12. Ne4 b6 13. c3 Bb7 14. Bd2 Ba6 15. Nf2 Rac8 16. b3 Bf8 17. Re1 Nde7 18. Rad1 Rd7 19. Bc1 Rcd8 20. Rxd7 Rxd7 21. Ne4 h6 22. g4 Nd5 23. f5 Nce7 24. f6 Ng6 25. Bf1 Bxf1 26. Rxf1 Ndf4 27. Kf2 Nd3+ 28. Ke2 Ndxe5 29. Nxe5 Nxe5 30. h3 g6 31. Bf4 Nc6 32. h4 Kh7 33. Rh1 Rd5 34. Be3 Ne5 35. Rg1 c4 36. b4 Nd3 37. a4 Kg8 38. Nd2 Nb2 39. Ra1 h5 40. g5 Bd6 41. Ra2 Nd3 42. Nxc4 Bg3 43. Rd2 Nc1+ 44. Kf3 Bxh4 45. Rxd5 exd5 46. Bxc1 dxc4 47. Bd2 Kf8 48. Be3 Ke8 49. b5 Kd7 50. Ke4 Be1 51. Kd4 h4 52. Bg1 Bg3 53. Kxc4 h3 54. a5 h2 55. Bxh2 Bxh2 56. axb6 axb6 57. Kd5 Bd6 0-1

[Event "Titled Tuesday intern op 22nd Nov Late"]
[Site "Chess.com INT"]
[Date "2022.11.22"]
[Round "1"]
[White "Sabar, Ethmane Daouda"]
[Black "Bobadilla Viera, Jorge Samuel"]
[Result "0-1"]
[WhiteElo "2040"]
[BlackElo "2347"]
[PlyCount "64"]
[EventDate "2022.11.22"]
[EventType "swiss (blitz)"]
[EventRounds "11"]
[EventCountry "USA"]
[SourceTitle "CBM 211 Extra"]
[Source "ChessBase"]
[SourceDate "2023.01.31"]
[SourceVersion "1"]
[SourceVersionDate "2023.01.31"]
[SourceQuality "1"]

1. b3 e5 2. Bb2 Nc6 3. e3 d5 4. Bb5 Bd6 5. f4 Qh4+ 6. g3 Qe7 7. Nf3 f6 8. 0-0 e4 9. Nd4 Bd7 10. Bxc6 bxc6 11. c4 Nh6 12. d3 0-0 13. Nc3 Ng4 14. Qd2 exd3 15. Rae1 dxc4 16. bxc4 c5 17. Ndb5 Rab8 18. Qxd3 Bc6 19. Nd5 Qf7 20. e4 Qh5 21. Re2 Kh8 22. Bc3 Qh3 23. Nxd6 cxd6 24. Ne7 Ba8 25. Nf5 Rbd8 26. Rd1 Bc6 27. Ne7 Bb7 28. Rb1 Ba8 29. Nd5 Bxd5 30. Qxd5 Nxh2 31. Bxf6 Nf3+ 32. Kf2 Rxf6 0-1

[Event "La Habana Isla"]
[Site "La Habana"]
[Date "2022.11.06"]
[Round "7"]
[White "Villalba Velazquez, Ander Ivan"]
[Black "Bobadilla Viera, Jorge Samuel"]
[Result "0-1"]
[WhiteElo "2106"]
[BlackElo "2312"]
[PlyCount "116"]
[EventDate "2022.11.01"]
[EventType "tourn"]
[EventRounds "9"]
[EventCountry "CUB"]
[EventCategory "4"]
[SourceTitle "EXT 2024"]
[Source "ChessBase"]
[SourceDate "2023.10.10"]
[SourceVersion "1"]
[SourceVersionDate "2023.10.10"]
[SourceQuality "1"]

1. e4 c5 2. Nc3 e6 3. f4 d5 4. Nf3 dxe4 5. Nxe4 Nc6 6. Bb5 Bd7 7. 0-0 Be7 8. d3 Nh6 9. Bxc6 Bxc6 10. Qe1 b6 11. Bd2 Nf5 12. Bc3 0-0 13. Ne5 Bb7 14. Kh1 Rc8 15. b3 f6 16. Nf3 Qd7 17. a4 Bd8 18. Qf2 Bc7 19. Nfd2 Qc6 20. Nc4 Rcd8 21. Rae1 Kh8 22. Qe2 Nd4 23. Bxd4 cxd4 24. Rf3 Qe8 25. Rf2 Qf7 26. Qf3 Bb8 27. Qh3 Rfe8 28. Qh4 Rd5 29. Kg1 Kg8 30. Qh3 Rh5 31. Ned6 Bxd6 32. Nxd6 Rxh3 33. Nxf7 Re3 34. Nh6+ gxh6 35. Rxe3 dxe3 36. Re2 Rc8 37. c4 Kf7 38. Rxe3 Rg8 39. g3 h5 40. h4 Rd8 41. Kf2 Rd6 42. b4 Bc6 43. b5 Bb7 44. Ke2 Kg6 45. Kd2 Kf5 46. Kc3 e5 47. fxe5 fxe5 48. a5 Rg6 49. a6 Bg2 50. Kb4 Rg4 51. Kc3 Ke6 52. Kb3 Kd6 53. Kb4 Rd4 54. Kc3 Bf1 55. Rf3 Rxd3+ 56. Rxd3+ Bxd3 57. Kxd3 Kc5 58. Kc3 e4 0-1